000 00334 a2200157 4500
001 68162
020 _a9788500490002
040 _cAnchieta - Pituba
100 _aLara, William
240 1 0 _aRelações do ensinar
_lpor
245 1 0 _aRelações do ensinar
300 _a60
362 0 _a2004
650 4 _aEducação
942 _cBK
999 _c68162
_d68162